000 00721nam a2200241Ia 4500
003 OSt
005 20250219133737.0
008 210716s2001 xx 000 0 und d
020 _a8178083434
040 _cAIMIT LIBRARY
041 _aeng
082 _a006.671
_23
_bDEIH
100 _aDeitel, H M.
_9201318
245 _aJava :
_bhow to program /
_cBy H M Deitel and P J Deitel.
250 _a3rd ed.
260 _aNew Delhi :
_bPearson Education ,
_c2001.
300 _aLX,1355p. ;
_bPB
_c23.9 cm
650 _aIntroduction to java applets
_9201319
650 _aObject- based programming
_9201320
650 _aFiles and streams
_9201321
700 _aDeitel, P J.
_9201322
942 _2ddc
_cBK
_e3rd
_k006.671 DEIH
999 _c185241
_d185241